Hunger games quotes - Statistics

General Stats
  • This quiz has been taken 4,967 times
    4,963 since last reset
  • The average score is 8 of 10
Answer Stats
Hint Answer % Correct
Hey, Catnip! Gale Hawthorne
97%
You have about as much charm as a dead slug. Haymitch Abernathy
95%
Happy Hunger Games! And may the odds be ever in your favor! Effie Trinket
94%
I am not pretty. I am not beautiful. I am as radiant as the sun. Katniss Everdeen
91%
You here to finish me off, Sweetheart? Peeta Mellark
91%
They can’t hurt me. I’m not like the rest of you. There’s no one left I love. Johanna Mason
78%
Aim higher incase you fall short...convince me. President Snow
77%
Why? Do you find this distracting? Finnick Odair
74%
Tick, Tock! Wiress
69%
Well, don't expect us to be too impressed. We just saw Finnick Odair in his underwear. Boggs
25%
No matching quizzes found
Score Distribution
Percent of People with Each Score
Percentile by Number Answered
Your Score History
You have not taken this quiz since the last reset